| 000 | 01245nam a22002297a 4500 | ||
|---|---|---|---|
| 999 |
_c57584 _d57584 |
||
| 003 | Ge_BSU | ||
| 005 | 20200807140353.0 | ||
| 008 | 200807s2014 ge ||||| |||| 00| 0 geo d | ||
| 020 | _a9789941222429 | ||
| 041 | _ageo | ||
| 080 | _a33.01 მ-20 | ||
| 100 |
_aმალაშხია, გიორგი. _97239 |
||
| 245 |
_aუქმი ეკონომიკა : _bაცობრიობის ცხოვრების უკეთურობა ეკონომიკური თეორიის კრიტიკიდან / _cგიორგი მალაშხია ; რედ.: იგორ კვესელავა, პაატა კოღუაშვილი. |
||
| 264 |
_aთბილისი : _bუნივერსალი, _c2014. |
||
| 300 |
_a180 გვ. ; _b20 სმ. |
||
| 500 | _aთავფურ. მე-3 გვ. ინგლ. | ||
| 504 | _a ბიბლიოგრ. ტექსტ. შენიშვნ. | ||
| 653 | _aეკონომიკის თეორია | ||
| 700 |
_aკვესელავა, იგორ _eრედაქტორი _95078 |
||
| 700 |
_aკოღუაშვილი, პაატა _eრედაქტორი _99130 |
||
| 942 |
_2udc _cBK |
||